Państwa Świata - Godzina - Statystyki

Ogólne statystyki
  • Ten quiz został rozwiązany 107 razy
  • Średni wynik to 138 z 196
Odpowiedzi na mapie
Odpowiedzi zakodowano w zielono-czerwonej skali na mapie do tego quizu, zgodnie z poniższymi procentami.
 
Statystyki odpowiedzi
Kraj % Poprawnych
Kanada
92%
Stany Zjednoczone
92%
Meksyk
91%
Francja
89%
Polska
89%
Albania
87%
Australia
87%
Brazylia
87%
Chiny
87%
Dania
87%
Hiszpania
87%
Holandia
87%
Irlandia
87%
Niemcy
87%
Peru
87%
Portugalia
87%
Rosja
87%
Rumunia
87%
Wielka Brytania
87%
Włochy
87%
Arabia Saudyjska
85%
Argentyna
85%
Białoruś
85%
Bułgaria
85%
Chile
85%
Czechy
85%
Finlandia
85%
Indie
85%
Irak
85%
Iran
85%
Islandia
85%
Japonia
85%
Kazachstan
85%
Korea Południowa
85%
Litwa
85%
Łotwa
85%
Mongolia
85%
Norwegia
85%
Szwecja
85%
Turcja
85%
Ukraina
85%
Węgry
85%
Afganistan
83%
Austria
83%
Belgia
83%
Bośnia i Hercegowina
83%
Czarnogóra
83%
Estonia
83%
Grecja
83%
Indonezja
83%
Jemen
83%
Korea Północna
83%
Kosowo
83%
Kuba
83%
Macedonia Północna
83%
Madagaskar
83%
Maroko
83%
Nowa Zelandia
83%
Oman
83%
Serbia
83%
Słowacja
83%
Szwajcaria
83%
Watykan
83%
Wietnam
83%
Andora
81%
Egipt
81%
Filipiny
81%
Gruzja
81%
Luksemburg
81%
Mołdawia
81%
Niger
81%
Nigeria
81%
San Marino
81%
Słowenia
81%
Wenezuela
81%
Zjednoczone Emiraty Arabskie
81%
Boliwia
79%
Chorwacja
79%
Dominika
79%
Kolumbia
79%
Liechtenstein
79%
Panama
79%
Republika Południowej Afryki
79%
Tajlandia
79%
Tunezja
79%
Urugwaj
79%
Armenia
77%
Cypr
77%
Czad
77%
Dominikana
77%
Libia
77%
Malta
77%
Pakistan
77%
Somalia
77%
Sri Lanka
77%
Algieria
75%
Azerbejdżan
75%
Demokratyczna Republika Konga
75%
Ekwador
75%
Kirgistan
75%
Paragwaj
75%
Sudan
75%
Sudan Południowy
75%
Syria
75%
Tadżykistan
75%
Tajwan
75%
Turkmenistan
75%
Laos
74%
Monako
74%
Nepal
74%
Izrael
72%
Kenia
72%
Uzbekistan
72%
Bangladesz
70%
Etiopia
70%
Gwinea
70%
Jordania
70%
Papua-Nowa Gwinea
70%
Haiti
68%
Katar
68%
Kongo
68%
Kostaryka
68%
Malezja
68%
Mali
68%
Bhutan
66%
Ghana
66%
Gwatemala
66%
Tanzania
66%
Zambia
66%
Angola
64%
Fidżi
64%
Gujana
64%
Surinam
64%
Zimbabwe
64%
Botswana
62%
Gwinea Równikowa
62%
Kambodża
62%
Liban
62%
Malediwy
62%
Mjanma
62%
Senegal
62%
Wybrzeże Kości Słoniowej
62%
Belize
60%
Namibia
60%
Bahamy
58%
Honduras
58%
Jamajka
58%
Kuwejt
58%
Lesotho
58%
Nikaragua
58%
Republika Zielonego Przylądka
58%
Barbados
57%
Erytrea
57%
Republika Środkowoafrykańska
57%
Singapur
57%
Uganda
57%
Wyspy Marshalla
57%
Benin
55%
Gambia
55%
Mauretania
55%
Salwador
55%
Bahrajn
53%
Mozambik
53%
Togo
53%
Gabon
51%
Kamerun
51%
Seszele
51%
Sierra Leone
51%
Eswatini
49%
Kiribati
49%
Liberia
49%
Mikronezja
49%
Burkina Faso
47%
Dżibuti
47%
Gwinea Bissau
47%
Mauritius
47%
Rwanda
47%
Timor Wschodni
47%
Wyspy Świętego Tomasza i Książeca
47%
Burundi
45%
Malawi
45%
Saint Lucia
45%
Wyspy Salomona
45%
Samoa
43%
Trynidad i Tobago
43%
Tuvalu
43%
Brunei
40%
Palau
40%
Saint Vincent i Grenadyny
40%
Antigua i Barbuda
38%
Nauru
38%
Saint Kitts i Nevis
38%
Tonga
38%
Vanuatu
38%
Grenada
36%
Komory
32%
Nie znaleziono quizów pasujących do podanych kryteriów
Rozkład punktacji
Procent ludzi z każdym wynikiem
Percentyl według liczby udzielonych odpowiedzi
Twoja historia wyników
Nie rozwiązałeś tego quizu